000 00462nam a22001817a 4500
003 MPLRDC
005 20220104114234.0
008 210129b ||||| |||| 00| 0 eng d
082 _a889 HGCS v.10
100 _aSTEPHEN KING
245 _a燃烧的凝视
_c茅及铨译
250 _a第一版
260 _a
_b皇冠出版社
_c1980
300 _b
490 _a当代名著精选. 10
650 _a西洋小说之中文翻译
942 _cBK
_o889 HGCS v.10
999 _c5923
_d5913